CO KŁADZIEMY NA STOLIKU NOCNYM? - Statystyki

Ogólne statystyki
  • Ten quiz został rozwiązany 106 razy
  • Średni wynik to 3 z 6
Statystyki odpowiedzi
Odpowiedź % Poprawnych
TELEFON
99%
LAMPKĘ
67%
KSIĄŻKĘ
56%
ZEGAREK
55%
OKULARY
51%
NAPÓJ
23%
Nie znaleziono quizów pasujących do podanych kryteriów
Rozkład punktacji
Procent ludzi z każdym wynikiem
Percentyl według liczby udzielonych odpowiedzi
Twoja historia wyników
Nie rozwiązałeś tego quizu